| 000 | 00788cam a2200229 4500 | ||
|---|---|---|---|
| 008 | 730806s1972 enk 000 1 eng | ||
| 020 | _a9780140442748 | ||
| 020 | _a014044274X | ||
| 050 | 0 | 0 |
_aPQ4714 _b.A54 1972 |
| 082 | 0 | 0 | _a853/.7 |
| 100 | 1 | _aManzoni, Alessandro, | |
| 245 | 1 | 4 |
_aThe betrothed; _ctranslated with an introduction by Bruce Penman. |
| 260 |
_aHarmondsworth, London _bPenguin Book, _c1972. |
||
| 300 | _a720 p. | ||
| 500 | _aTranslation of I promessi sposi. | ||
| 650 |
_aNovel. _vRomance. |
||
| 700 | 1 | _aPenman, Bruce, | |
| 856 | 4 | 1 | _uhttp://www.loc.gov/catdir/enhancements/fy1504/73165908-s.html |
| 856 | 4 | 2 | _uhttp://www.loc.gov/catdir/enhancements/fy1504/73165908-d.html |
| 856 | 4 | 2 | _uhttp://www.loc.gov/catdir/enhancements/fy1504/73165908-b.html |
| 942 | _cBK | ||
| 999 |
_c3710 _d3710 |
||